| 000 | 00859nam a2200229 i 4500 | ||
|---|---|---|---|
| 001 | 190706 | ||
| 003 | ES-MaACL | ||
| 005 | 20251014063308.0 | ||
| 008 | 220511s2016 sp a 000 0dspa | ||
| 080 | _a75 Reviriego, Pablo (083.824) | ||
| 100 | 1 |
_aReviriego, Pablo, _d1948- _9171367 |
|
| 245 | 1 | 0 |
_aPablo Reviriego : _b40 años en el arte. |
| 260 |
_a[Alcorcón, Madrid : _bs.n., _c2016] ( _fImart Artes Gráf.) |
||
| 300 |
_a38 p. : _bprincipalmente il. col. ; _c30 cm. |
||
| 504 | _aBibliografía: p. 38. | ||
| 585 | _aCatálogo de la exposición "40 años en el arte" de Pablo Reviriego, celebrada en el Palacio de los Guzmanes (Ávila) | ||
| 600 | 1 | 4 |
_aReviriego, Pablo, _d1948- _vExposiciones _9174456 |
| 655 | 7 |
_2tgfbne _9193628 _aCatálogos de exposiciones |
|
| 852 | 4 |
_aES-MaACL _j2343-F-25 |
|
| 942 | _2udc | ||
| 999 |
_c190706 _d190706 |
||